Statistics for Winnipeg Jets Roster 2021

Click here to take the quiz!

General Stats

  • This quiz has been taken 211 times
    (74 since last reset)
  • The average score is 14 of 29

Answer Stats

PositionNationalityName% Correct
WingerUnited StatesBlake Wheeler
95%
GoalieUnited StatesConnor Hellebuyck
93%
WingerUnited StatesKyle Connor
91%
DefenceCanadaJosh Morrissey
86%
CentreCanadaMark Scheifele
84%
WingerDenmarkNikolaj Ehlers
82%
CentreCanadaAdam Lowry
70%
DefenceUnited StatesNeal Pionk
68%
Centre/WingerCanadaPierre-Luc Dubois
64%
Centre/WingerUnited StatesAndrew Copp
61%
CentreCanadaPaul Stastny
57%
GoalieCanadaEric Comrie
55%
DefenceCanadaLogan Stanley
55%
DefenceCanadaDylan DeMelo
54%
WingerUnited StatesMason Appleton
52%
DefenceFinlandVille Heinola
48%
GoalieCanadaLaurent Brossoit
41%
Winger/CentreCanadaMathieu Perreault
38%
CentreCanadaBryan Little
32%
WingerCanadaJansen Harkins
25%
DefenceUnited StatesTucker Poolman
25%
WingerFinlandKristian Vesalainen
23%
WingerUnited StatesNate Thompson
21%
WingerUnited StatesTrevor Lewis
21%
DefenceFinlandSami Niku
20%
DefenceUnited StatesDerek Forbort
18%
DefenceCanadaJordie Benn
18%
DefenceCanadaNathan Beaulieu
16%
WingerAustriaMarko Dano
7%

Score Distribution

Percentile by Number Answered

Percent of People with Each Score

Your Score History

You have not taken this quiz since the last reset